000 00449nam a2200181Ia 4500
005 20250603145825.0
008 250603s9999 xx 000 0 und d
020 _a9789789243327
050 _aQD 45 .O36/
100 _aOjokuku, Godwin O.
245 0 _aTextbook of practical chemistry: for schools and colleges
260 _aZaria
260 _bPress-on Chemresources
260 _c2012
300 _a232 p
650 _aZaria
942 _cBK
999 _c42964
_d42964